| 000 | 00655nam a22001937a 4500 | ||
|---|---|---|---|
| 005 | 20260420081035.0 | ||
| 008 | 260420b |||||||| |||| 00| 0 eng d | ||
| 020 | _a 9780323008839 | ||
| 050 |
_a RJ380 _b .P75 2000 |
||
| 245 |
_a Primary care of the child with a chronic condition / _b 3rd ed. |
||
| 260 |
_a St. Louis : _b Mosby, _c2000. |
||
| 300 |
_axvi, 876 p. : _b ill. ; _c24 cm. |
||
| 500 | _a Includes bibliographical references and index. | ||
| 650 |
_a Chronic diseases in children _xTreatment. |
||
| 650 |
_aChronic diseases in children _xNursing. |
||
| 700 | _aLudder, Patricia Jackson. | ||
| 700 | _a Vessey, Judith A. | ||
| 942 |
_2lcc _cBK |
||
| 999 |
_c60373 _d60373 |
||